000 01650nam a2200265 4500
001 113577
003 DR-UNIBE
005 20250509062545.0
008 250508b2008 mx ||||| |||| 00| 0 spa d
020 _a 9786074680454
040 _aBIBLIOTECA UNIBE
_cBIBLIOTECA UNIBE
_bspa
_erda
041 _aspa
082 _222
_a347.014 B224u
100 0 _aBarak, Aharon,
_d1936-
_eautor
_9193500
245 1 3 _aUn juez reflexiona sobre su labor :
_bel papel de un tribunal constitucional en una democracia /
_cAharon Barak ; traducción de, Estefanía Vela Barba
260 _aMéxico :
_b Suprema Corte de Justicia de la Nación,
_c2008
300 _a xxii. 202 páginas :
_c21 x 13 cm
500 _aObra publica en noviembre de 2002 como prólogo para u número especial del Harvard Law Review, con el título “The Supreme Court, 2001 Term— Foreword: A Judge on Judging: The Role of a Supreme Court in Democracy”. Comentario de la obra en la contraportada
505 _aPresentación | Capítulo I. El papel de un tribunal constitucional | Capítulo II. Precondiciones para la función judicial | Capítulo III. Los medios para cumplir con la función judicial | Capítulo IV. La relación entre el tribunal constitucional y las otras ramas del Gobierno | Capítulo V. El tribunal constitucional y el problema del terrorismo | Capítulo VI. ¿Qué del futuro?
650 7 _2lemb
_aJueces
_zMéxico
_9195087
700 1 0 _aVela Barba, Estefanía
_9195083
_etraductor
700 1 0 _aReynoso Núñez, José
_9195084
_erevisión de traducción
710 1 0 _aComité de Publicaciones y Promoción Educativa
_9194812
_epresentación
942 _2ddc
_cBK
999 _c113577
_d113577